000 00643nam a2200205 4500
001 107836
003 ES-MaACL
005 20251003063117.0
007 t|
008 061121s1972 sp r ||||1| spa d
100 1 _aMoreno y de Herrera, Francisco,
_cConde de los Andes
_921480
245 1 0 _aEnsayos políticos /
_cFrancisco Moreno y de Herrera, Conde de los Andes.
250 _a1.ª ed.
260 _aMadrid :
_bOrganización Sala,
_c1972.
300 _a199 p. ;
_c24.
490 1 _aColección Ensayo ;
_v3
830 0 _aColección Ensayo ;
_v3
_9178259
852 _aES-MaACL
_jC-45572
_bR.83557
999 _c107836
_d107836